East Asian Economies and Their Philosophy behind Success: Manifestation of Social Constructs in Economic Policies

Širšia koncepcia ekonomík východnej Ázie. Sociokultúrne a inštitucionálne prístupy. Rozdiely medzi západnou a východoázijskou geografiou myslenia.

Saved in:
Bibliographic Details
Main Author: Lajčiak, Milan
Format: Book Chapter
Language:English
Subjects:
Tags: Add Tag
No Tags, Be the first to tag this record!

MARC

LEADER 00000nla a2200000 4500
001 0234108
005 20240502083623.7
041 0 |a eng 
044 |a PL 
245 1 0 |a East Asian Economies and Their Philosophy behind Success: Manifestation of Social Constructs in Economic Policies  |c Milan Lajčiak 
520 |a Širšia koncepcia ekonomík východnej Ázie. Sociokultúrne a inštitucionálne prístupy. Rozdiely medzi západnou a východoázijskou geografiou myslenia. 
610 2 0 |a východná Ázia 
610 2 0 |a politika hospodárska 
610 2 0 |a politika kultúrna 
610 2 0 |a politika sociálna 
610 2 0 |a podnikanie 
610 2 0 |a zdroje ľudské 
100 1 |a Lajčiak, Milan